Komparatívna analýza centralizovaného a distribuovaného spracovania dát

Vývoj v oblasti dátového spracovania. Prednosti distribuovaného spracovania dát oproti centralizovanému spracovaniu. Nevýhody distribuovaného prístupu a prínosy centralizácie.

Salvato in:
Dettagli Bibliografici
Autore principale: Jurík, Pavol, 1987-
Natura: Capitolo di libro
Lingua:slovacco
Soggetti:
Tags: Aggiungi Tag
Nessun Tag, puoi essere il primo ad aggiungerne!!

MARC

LEADER 00000nla a2200000 4500
001 0164350
005 20240502072851.7
041 0 |a slo 
044 |a SK 
245 1 0 |a Komparatívna analýza centralizovaného a distribuovaného spracovania dát  |c Pavol Jurík 
520 |a Vývoj v oblasti dátového spracovania. Prednosti distribuovaného spracovania dát oproti centralizovanému spracovaniu. Nevýhody distribuovaného prístupu a prínosy centralizácie. 
610 2 0 |a systémy počítačové distribuované 
610 2 0 |a analýza komparatívna 
610 2 0 |a spracovanie dát 
610 2 0 |a transparentnosť 
610 2 0 |a škálovanie 
610 2 0 |a centralizácia 
610 2 0 |a distribúcia informácií 
100 1 |a Jurík, Pavol, 1987-